000 01244cam a2200217 4500500
005 20260208002202.0
041 _afre
042 _adc
100 1 0 _aThorel, Christian
_eauthor
245 0 0 _aDe l’à-part à l’appartenance, la lecture et la transmission
260 _c2015.
500 _a36
520 _aDans un premier état, très différent, ce texte fit l’objet d’une intervention sur le thème de la « communauté » au Banquet du Livre à Lagrasse, en 2013. Profondément revu, le propos fut repris pour une conférence dans le cadre des Journées d’art thérapie sur le thème « Transmettre », organisées en mai 2015. Cette version, largement revue dans son écriture pour ce numéro d’ Empan, lie les deux thèmes de la transmission et de la communauté, qui pourraient répondre ensemble et de manière fusionnelle aux réflexions auxquelles nos métiers des livres nous invitent.
690 _adroits d’auteur
690 _ahéritage
690 _alivres
690 _aprésence des morts
690 _atransmission des savoirs
786 0 _nEmpan | 100 | 4 | 2015-12-18 | p. 115-121 | 1152-3336
856 4 1 _uhttps://shs.cairn.info/revue-empan-2015-4-page-115?lang=fr&redirect-ssocas=7080
999 _c1645767
_d1645767